00626nam a2200205Ia 450000500170000000800410001702000150005808200210007310000120009424500840010626000390019030000170022965000100024665000210025665000110027765000140028894200060030295200970030899900150040520250206040816.0240331s9999 xx 000 0 und d a0415921287 bPUR22954a305.4 aPuri, J 0aWoman, Body, Desire in Post-Colonial India:bNarratives of Gender and Sexuality aLondon;aNew YorkbRoutledgec1999 axiv, 234 p., aWomen aPost-Colonialism aGender aSexuality cL 001040708LaWERCLbWERCLcSSCd2024-03-31l0o 305.4 PURp2954r2024-03-31w2024-03-31yL c1690d1690